Online Catalogue and eLibrary

Essays on Gender and Governance (Record no. 1412)

MARC details
000 -LEADER
fixed length control field 00461nam a2200205Ia 4500
005 - DATE AND TIME OF LATEST TRANSACTION
control field 20241220022255.0
008 - FIXED-LENGTH DATA ELEMENTS--GENERAL INFORMATION
fixed length control field 240331s9999 xx 000 0 und d
020 ## - INTERNATIONAL STANDARD BOOK NUMBER
ISBN 818878804X
082 ## - DDC Classification
Item Number - Author Mark MAR
DDC Edition Number 1803
Class No. 305
100 ## - MAIN ENTRY--PERSONAL NAME
Personal name Nussbaum, M
100 ## - MAIN ENTRY--PERSONAL NAME
Personal name Basu, A
100 ## - MAIN ENTRY--PERSONAL NAME
Personal name Tambiah, Y
100 ## - MAIN ENTRY--PERSONAL NAME
Personal name Jayal, N G
245 #0 - TITLE STATEMENT
Title Essays on Gender and Governance
260 ## - PUBLICATION, DISTRIBUTION, ETC.
Name of publisher, distributor, etc. UNDP
Date of publication, distribution, etc. 2003
300 ## - PHYSICAL DESCRIPTION
Extent (e.g. Volumes, Pages etc.) 134 p.,
650 ## - SUBJECT ADDED ENTRY--TOPICAL TERM
Topical term or geographic name entry element Gender
650 ## - SUBJECT ADDED ENTRY--TOPICAL TERM
Topical term or geographic name entry element Women
942 ## - Koha item type (Biblio)
Koha item type Books in Stacks (Lending)
Holdings
Lost status Damaged status Collection code Home library Current library Shelving location Date acquired Full call number Accession Number Item type
    Lending WERC Library WERC Library Social Science Cupboard 03/31/2024 305 ESS 1803 Books in Stacks (Lending)

© WERC Library